| 000 | 00627nam a2200193Ia 4500 | ||
|---|---|---|---|
| 999 |
_c22901 _d22901 |
||
| 082 | _aTR.0271 | ||
| 100 | _aRamamurthy, Savitri | ||
| 245 | 0 | _aWomen entrepreneurs in Delhi : Their motivations, management practices and problems | |
| 260 |
_c1991 _bUniversity of Delhi |
||
| 300 | _av.p. + C D - 31 | ||
| 650 | _aWOMEN ENTREPRENEURS//WOMEN IN BUSINESS | ||
| 650 | _aENTREPRENEURS, WOMEN//WOMEN IN BUSINESS | ||
| 650 | _aWOMEN IN BUSINESS - DELHI | ||
| 650 | _aEMPLOYEE MOTIVATION | ||
| 650 | _aMOTIVATION (PSYCHOLOGY) | ||
| 650 | _aBUSINESS WOMEN//WOMEN IN BUSINESS | ||
| 710 | _aAnandalakshmy, S. | ||
| 942 |
_cTH _2ddc |
||